00482nam a2200169Ia 4500999001500000003000400015005001700019008004100036020001800077040000900095082001700104100002100121245005400142250001200196260006400208942004000272 c6678d6678OSt20200128132827.0190216s9999||||xx |||||||||||||| ||und|| a9780070583559 coclc a658.5bCHA/P aChary, S N91529 0aProduction And Operations Management /cS N Chary a3rd ed. bTata Mcgraw Hill Publishing Company Ltd,c2004.aNew Delhi: cBK2ddch658.5iCHA/Pk658.5mCHA/P